Asbestos: the new rules (Record no. 72616)

MARC details
000 -LEADER
fixed length control field 01100cam a2200205 4500
001 - CONTROL NUMBER
control field ABS66609
008 - FIXED-LENGTH DATA ELEMENTS--GENERAL INFORMATION
fixed length control field 030502n2003 000 0 eng u
035 ## - SYSTEM CONTROL NUMBER
System control number (Sirsi) u122179
100 ## - MAIN ENTRY--PERSONAL NAME
Personal name Myatt, I.
245 ## - TITLE STATEMENT
Title Asbestos: the new rules
260 ## - PUBLICATION, DISTRIBUTION, ETC.
Date of publication, distribution, etc. 2003
490 ## - SERIES STATEMENT
Series statement Construction News
Volume/sequential designation (6812) 17 April 2003, 26-27(2)
520 ## - SUMMARY, ETC.
Summary, etc. Briefing explains the requirements of the amendments to the Control of Asbestos at Work Regulations which were introduced in November 2002. Reg 4, concerning the duty to manage asbestos in non-domestic premises, will come into force on 21 May 2004 and will affect people in the construction industry and others. Identifies the problem, who is at risk, the regulation so far, assessing the premises, identifying asbestos-containing materials, who has the duty to manage and what professionals need to achieve.
590 ## - LOCAL NOTE (RLIN)
Local note ABS
650 ## - SUBJECT ADDED ENTRY--TOPICAL TERM
Topical term or geographic name entry element CONTROL OF ASBESTOS AT WORK REGULATIONS 2002
650 ## - SUBJECT ADDED ENTRY--TOPICAL TERM
Topical term or geographic name entry element MANAGEMENT-HEALTH AND SAFETY-HAZARDOUS SUBSTANCES-ASBESTOS
650 ## - SUBJECT ADDED ENTRY--TOPICAL TERM
Topical term or geographic name entry element CONSTRUCTION MANAGEMENT
9 (RLIN) 6230
690 ## - LOCAL SUBJECT ADDED ENTRY--TOPICAL TERM (OCLC, RLIN)
Topical term or geographic name as entry element HEALTH AND SAFETY
9 (RLIN) 6244
942 ## - ADDED ENTRY ELEMENTS (KOHA)
Suppress in OPAC 0
Holdings
Withdrawn status Lost status Source of classification or shelving scheme Damaged status Not for loan Home library Current library Shelving location Date acquired Total Checkouts Full call number Barcode Date last seen Copy number Price effective from Koha item type
    Dewey Decimal Classification     London London Journal article 02/05/2003   ABS66609 122179-1001 06/08/2019 1 06/08/2019 Journal article